| 000 | 00360nam a2200145Ia 4500 | ||
|---|---|---|---|
| 008 | 221030s9999 xx 000 0 und d | ||
| 020 | _a8131517994 | ||
| 041 | _aEnglish | ||
| 100 | _aR. K. Srivastava | ||
| 245 | 0 |
_aElectrical Machines _cby R. K. Srivastava |
|
| 260 |
_bCengage Learning _aNew Delhi _c2013 |
||
| 300 | _a686 | ||
| 650 | _aBB EE | ||
| 942 | _cBK | ||
| 999 |
_c15397 _d15397 |
||